000 00521nam a2200193 a 4500
005 20140310183329.0
008 060815s19uu xx 00 eng d
020 _a1564146308
050 _aHF 5438.8.T54
_b.K34 2003
100 _aKahle, Dave
245 _a10 secrets of time management for sales people/.
260 _aNew Jersey :
_bCareer Press,
_c2003.
300 _a219 p. :
_bill. ;
_c21 cm.
521 _aBSBA
546 _aC7443
650 _aSelling.
650 _aTime management.
942 _cBK
_2lcc
_kFOR
999 _c21506
_d21506